000 01870nam0a22003371 4500
001 rc\4356881
005 20260408074023.0
021 _aRU
_b[64-429]
035 _a(NLR Aleph) 008532539
090 _a8296806
_c8296806
100 _a20130416d1963 |||y0rusy50 ca
101 0 _arus
102 _aRU
105 _aa b |||||
200 1 _a[Каталог
_fВступ. статья М.Я. Либмана]
_g"Живопись и рисунок Германии и Австрии XV-XIX веков", выставка из фондов Гос. музея изобразит. искусств им. А.С. Пушкина, других советских музеев и частных собраний
210 _aМосква
_cБ. и.
_d1963
215 _a92 с., 32 л. ил.
_d22
300 _aНа обороте тит. л. сост.: М.Я. Либман, Е.Л. Любимова, В.А. Алексеева
606 _aНемецкое изобразительное искусство
_z15-19 вв.
_xВыставки
_z1963
_yМосква
_2psbo
606 _aАвстрийское изобразительное искусство
_z15-19 вв.
_xВыставки
_z1963
_yМосква
_2psbo
702 1 _aЛюбимова
_bЕ.Л.
_4220
702 1 _aАлексеева
_bВ.А.
_4220
702 1 _aЛибман
_bМ.Я.
_gМихаил Яковлевич
_4080
_4220
710 1 2 _a"Живопись и рисунок Германии и Австрии XV-XIX веков", выставка
_f1963
_eМосква
_3RU\NLR\AUTH\8810217132
_9320114
712 0 2 _aГосударственный музей изобразительных искусств им. А. С. Пушкина
_cМосква
_3RU\NLR\AUTH\883002
_9277150
801 0 _aRU
_bNLR
_gpsbo
801 1 _aRU
_bELAR
_2rusmarc
852 _aNLR
_bЭ
_jКМ821/1963
942 _cBOOK
980 _aNB